000
00336nam a2200145Ia 4500
008
150201s2009 xx 000 0 und d
082
_a
616.99
_b
H09H
100
_a
HARRSSION, LOUIS
245
_a
HEAD AND NECK CANCER
250
_a
3RD
260
_b
WOLTERS KLUWER
_a
DELHI
_c
2009
300
_a
1-960
650
_a
E.N.T.
942
_2
ddc
_c
BK
999
_c
224
_d
224